The Junglebook (Record no. 15707)

MARC details
000 -LEADER
fixed length control field 01799nam a22003137a 4500
003 - CONTROL NUMBER IDENTIFIER
control field dpl
005 - DATE AND TIME OF LATEST TRANSACTION
control field 20080911114410.0
008 - FIXED-LENGTH DATA ELEMENTS--GENERAL INFORMATION
fixed length control field 080911t xxu||||| |||| 00| 0 eng d
010 ## - LIBRARY OF CONGRESS CONTROL NUMBER
LC control number DVD-000600-602
024 ## - OTHER STANDARD IDENTIFIER
Source of number or code A5197
Terms of availability 599.00 for set of 2 DVD
035 ## - SYSTEM CONTROL NUMBER
System control number DVD-000600-602
040 ## - CATALOGING SOURCE
Original cataloging agency DPL
Transcribing agency DPL
082 ## - DEWEY DECIMAL CLASSIFICATION NUMBER
Classification number DVD / JUNG
245 ## - TITLE STATEMENT
Title The Junglebook
Statement of responsibility, etc Walt Disney Pictures Presents
Medium [videorecording] (DVD)/
250 ## - EDITION STATEMENT
Edition statement 40th Anniversary Edition , 2-Disc Special Edition
260 ## - PUBLICATION, DISTRIBUTION, ETC. (IMPRINT)
Place of publication, distribution, etc Burbank, CA
Name of publisher, distributor, etc Walt Disney Home Entertainment
300 ## - PHYSICAL DESCRIPTION
Extent 1 videodiscs (79 min.):
Other physical details sd., col.;
Dimensions 4 3/4 in.
Type of unit DVD
440 ## - SERIES STATEMENT/ADDED ENTRY--TITLE
Title Walt Disney Home Entertainment
500 ## - GENERAL NOTE
General note Sole Distributor in India M/s Excel Productions Audio Visuals Pvt. Ltd.
500 ## - GENERAL NOTE
General note Walt Disney Jumpin's Jungle Classic
538 ## - SYSTEM DETAILS NOTE
System details note Dolby Digital 5.1-English,Hindi, Spanish, Portuguese Subtitles-English, , Hindi, Spanish, Portuguese
538 ## - SYSTEM DETAILS NOTE
System details note Aspect Ratio:1.78.1, Presentation Type: Wide Screen, Presentation Size 16x9, Formation: DVD 9- Dual Layer Single sided Disc,
650 ## - SUBJECT ADDED ENTRY--TOPICAL TERM
Source of heading or term Animated Movie
942 ## - ADDED ENTRY ELEMENTS (KOHA)
Source of classification or shelving scheme Dewey Decimal Classification
Koha item type CD-ROMs, DVDs, VHS
Classification part DVD
Call number suffix JUNG
Holdings
Withdrawn status Lost status Source of classification or shelving scheme Damaged status Not for loan Home library Current library Date acquired Source of acquisition Cost, normal purchase price Total Checkouts Full call number Barcode Date last seen Date checked out Copy number Cost, replacement price Price effective from Koha item type Total Renewals
    Dewey Decimal Classification     Central Library Central Library 25/09/2008 Purchase 599.00 36 DVD JUNG DVD-000600 03/02/2014 21/01/2014 1 599.00 25/09/2008 CD-ROMs, DVDs, VHS  
    Dewey Decimal Classification     Patel Nagar Patel Nagar 25/09/2008 Purchase 599.00 21 DVD JUNG DVD-000602 01/07/2017 24/06/2017 1 599.00 25/09/2008 CD-ROMs, DVDs, VHS  
    Dewey Decimal Classification     Sarojini Nagar Sarojini Nagar 25/09/2008 Purchase 599.00 41 DVD JUNG DVD-000601 02/12/2016 02/12/2016 1 599.00 25/09/2008 CD-ROMs, DVDs, VHS 1

© Delhi Public Library
Hit Counter
free hit counter